000 00865nam a2200253 a 4500
001 000040637
005 20201002034253.0
008 130904s2011 sp a 001 0 spa d
020 _a9788437623443
040 _aDO-SdBNP
_bspa
_cBNPHU
082 _axxxx
_bxxxx
245 0 0 _aHistoria General de la Fotografía /
_cMarie-Loup Sougez, M. de los Santos García Felguera, Helena Pérez Gallardo, Carmelo Vega.
250 _a3a ed.
260 _aMadrid, :
_bCátedra,
_c2011.
300 _a825 p. :
_bil. ;
_c21 cm.
490 1 _aManuales arte cátedra
500 _aIncluye índice de nombres
504 _aBibliografías : p. 669-793
700 1 _aSougez, Marie-Loup
_966989
700 1 _aSantos García Felguera, Maria de los
_966990
700 1 _aPérez Gallardo, Helena
_966991
700 1 _aVega, Carmelo
_966992
830 0 _aManuales arte cátedra
_966993
999 _c40127
_d40127